| 000 | 00340nam a2200133Ia 4500 | ||
|---|---|---|---|
| 008 | 150202s9999 xx 000 0 und d | ||
| 020 | _a843945222 | ||
| 050 |
_aFIC _bFIC |
||
| 100 | _aHess, Norah. | ||
| 245 |
_aLark / _cNorah hess. |
||
| 260 |
_aNew York : _bLeisure Books, _c1999. |
||
| 300 |
_a398 pages : _c18 cm. |
||
| 650 | _aFiction. | ||
| 999 |
_c282105 _d282105 |
||